Timbres de France au type merson (Record no. 2616)

000 -LEADER
fixed length control field 00349nam a22001097a 4500
008 - FIXED-LENGTH DATA ELEMENTS--GENERAL INFORMATION
fixed length control field 180205b xxu||||| |||| 00| 0 eng d
100 ## - MAIN ENTRY--AUTHOR'S NAME
Author's Name Storch, J.
245 ## - TITLE STATEMENT
Title Timbres de France au type merson
260 ## - PUBLICATION, DISTRIBUTION, ETC. (IMPRINT)
Place of publication, distribution, etc. London
Name of publisher, distributor, etc. Royal Philatelic Society
Date of publication, distribution, etc. 1990
650 ## - TOPICAL TERM (Tag)
Topical term or geographic name Merson issue (France) | Postage-stamps--France | Production--France
700 ## - SECONDARY AUTHOR, EDITOR OR ILLUSTRATOR
Personal Name Francon, R.
Holdings
Withdrawn status Lost status Source of classification or shelving scheme Damaged status Koha normalized classification for sorting Not for loan Permanent Location Current Location Shelving location Date acquired Total Checkouts Full call number Barcode Date last seen Date last checked out Copy number Price effective from Public note
        G5831 D313 S884   Northern Philatelic Library Northern Philatelic Library General Stacks 02/05/2018 1 G5831 D313 S884 1002892 12/01/2018 10/06/2018 1 02/05/2018 in English and French

Powered by Koha